Ekonomické tigre východu Príloha

Najúspešnejšie ázijské spoločnosti podľa odvetví. Svetové podnikanie ázijským spoločnosti. Najúspešnejšie spoločnosti pôsobiace v Ázii.

Na minha lista:
Detalhes bibliográficos
Formato: Capítulo de Livro
Idioma:eslovaco
Assuntos:
Tags: Adicionar Tag
Sem tags, seja o primeiro a adicionar uma tag!

MARC

LEADER 00000naa a2200000 4500
001 r028138
005 20251104124456.6
041 0 |a slo 
044 |a SK 
245 1 0 |a Ekonomické tigre východu  |b Príloha 
520 |a Najúspešnejšie ázijské spoločnosti podľa odvetví. Svetové podnikanie ázijským spoločnosti. Najúspešnejšie spoločnosti pôsobiace v Ázii. 
610 2 0 |a Ázia 
610 2 0 |a podnikanie medzinárodné 
610 2 0 |a konglomeráty 
610 2 0 |a doprava letecká 
610 2 0 |a banky 
610 2 0 |a priemysel ťažký 
610 2 0 |a priemysel ľahký 
610 2 0 |a hotely 
610 2 0 |a stavebníctvo 
610 2 0 |a lode 
610 2 0 |a telekomunikácie